000 00871nam a22002417i 4500
003 peliumch
005 20260304104643.0
007 ta
008 260303b |||||||| |||| 00| 0 eng d
020 _a7706894081073
040 _aUMCH
_bspa
_cUMCH
_dARM
_erda
041 _aspa
082 0 _a658.1/L27/2000
100 _aThimothy M. Laseter
_eautor
245 _aAlianzas Estratégicas con proveedores
_bUn Modelo de Abastecimiento Equilibrado
_cTimothy M. Laseter
260 _aColombia
_bEditorial Norma S.A.
_c©2000
300 _a281 p.
505 0 _gPrimera Parte :
_tUn nuveo modelo para comprar --
_gSegunda Parte :
_tConstrucción de las habilidades --
_gTercera Parte :
_tEl abastecimiento equilibrad: casos de estudio.
521 _aRecomendado para un público general .
700 _aThimothy M. Laseter
_eautor
942 _2ddc
_cLIB
_n0
999 _c53662
_d53662